[Event "Pardubice"]
[Site "Pardubice"]
[Date "1994.??.??"]
[Round "4"]
[White "Georgiev, Kiril"]
[Black "Hracek, Zbynek"]
[Result "1/2-1/2"]
[WhiteElo "2615"]
[BlackElo "2530"]
[Annotator "Donev,I"]
[PlyCount "205"]
[EventDate "1994.07.??"]
[EventType "tourn"]
[EventRounds "9"]
[EventCountry "CZE"]
[EventCategory "15"]
[SourceTitle "CBM 042"]
[Source "ChessBase"]
[SourceDate "1994.10.01"]
[SourceVersion "1"]
[SourceVersionDate "1994.10.01"]
[SourceQuality "1"]

1. d4 Nf6 2. c4 e6 3. Nc3 Bb4 4. Qc2 d6 5. Nf3 O-O 6. Bg5 Nbd7 7. e3 h6 8. Bh4
b6 9. Nd2 e5 10. dxe5 Bxc3 11. Qxc3 Nxe5 12. Be2 Bb7 13. f3 Re8 14. Bg3 Qe7 15.
O-O c5 16. Rfe1 d5 17. Rad1 Rad8 18. Bf1 dxc4 19. Nxc4 Nxc4 20. Bxc4 Rxd1 21.
Rxd1 Qxe3+ 22. Qxe3 Rxe3 23. Bb8 Re7 (23... a6 24. Ba7 b5 25. Bxc5 $14) 24.
Rd8+ (24. Bxa7 Bd5 $1 25. Bxd5 Nxd5 26. Bb8 $13) 24... Re8 25. Rxe8+ Nxe8 26.
Bxa7 Nd6 27. Bd3 Nc8 28. Bb8 $14 {^^} Kf8 29. Kf2 Ke7 30. Ke3 Bd5 31. b3 Ke6
32. Kd2 g5 33. Ba6 Kd7 34. Be5 Nd6 35. Bd3 Ke6 36. Bg7 h5 37. Bb2 Nf5 38. Ke2
Nh4 39. Kf2 Nf5 40. Ba6 Nd6 41. Be2 h4 42. Bd1 Nf5 43. Bc1 f6 44. Bb2 Nd6 45.
Ke3 Nf5+ 46. Kd3 Bb7 47. Kd2 Bd5 48. Be2 Nd6 49. Bc3 Nf7 50. Kd3 Nd6 51. Be1
Nf5 52. Bf2 Ke5 53. Kc3 Nd6 54. a4 Nb7 55. g3 h3 56. Be3 (56. b4 $1 cxb4+ $6 (
56... Kd6 $14) 57. Kxb4 $16) 56... Nd6 57. b4 Nf5 58. Bf2 (58. Bd2 $2 Nxg3 $17)
58... cxb4+ 59. Kxb4 Nd4 60. f4+ gxf4 61. gxf4+ {Hier wurde die Partie
unterbrochen.} Ke4 62. Bg4 (62. Bf1 Be6 63. Kc3 Nf3 $10) 62... Bc6 (62... Ne6
$5 63. Bxh3 Nxf4 64. Bf1 Nd3+ (64... Bc6 65. Bxb6 Nd5+ 66. Kc5 Nxb6 67. a5 $3
$16) 65. Bxd3+ Kxd3 66. h4 $1 Ke4 67. Bxb6 $16) (62... Nf3 63. Bxh3 Nxh2 (63...
Kxf4 64. Bxb6 f5 65. Bg2 $1 $16) 64. Bxb6 Nf3 65. Bc7 Ne1 66. Kc3 $16) (62...
Kxf4 63. Bxh3 Ke4 $1 (63... Ke5 $6 64. Bg3+ Ke4 65. Bg2+ Nf3 66. Bc7 $16) 64.
Bg2+ Ke5 65. Bg3+ Ke6 66. Bh3+ f5 67. Bc7 Nf3 68. Kb5 Bb3 69. Bg2 Nd4+ 70. Kb4
$16 {/\Bb6}) (62... Be6 $2 63. Bxe6 Nxe6 64. Bxb6 Nxf4 (64... Kd5 65. Kb5 Nxf4
66. a5 $18) 65. a5 Kd5 66. Kb5 $1 Ne2 67. Bd8 (67. Be3 $16) 67... Nc3+ 68. Kb6
Na4+ 69. Kc7 Nc5 70. Bxf6) 63. a5 (63. Bxh3 Nc2+ 64. Kb3 Ne3 $1 (64... Nd4+ $6
65. Kc4 b5+ 66. Kc5 $1 Nb3+ 67. Kxc6 bxa4 68. Be6 Nd4+ 69. Bxd4 Kxd4 70. h4 $18
) 65. Bc8 (65. Bh4 f5 66. Bd8 Nd5 67. Bg2+ Kxf4 68. Ka3 Kg4 69. Bxd5 Bxd5 70.
Bxb6 f4 $1 $10) 65... Kxf4 66. Bg3+ Ke4 (66... Kg5 67. Bc7 (67. h4+ Kh5 68. Bf2
Nd5 (68... Ng2 69. Bxb6 Bxa4+ 70. Kxa4 Nxh4 $16) 69. Be6 $14) 67... Nd5 68. Bd8
Kg6 69. Be6 $16) 67. Bc7 Nd5 68. Bd8 f5 69. h4 f4 70. h5 f3 71. h6 f2 72. Bh3
Nf4 73. Bf1 Ng6 74. Bxb6 $1 $18) (63. Kc3 Kxf4 64. Bd1 Nf3 65. Bxb6 Nxh2 66.
Bc7+ Ke3 67. Bxh2 Kf2 $1 $10) 63... bxa5+ 64. Kc5 Nf3 (64... Nb3+ 65. Kxc6 a4
66. Bd1 Na5+ 67. Kb5 a3 68. Be1 Kd3 69. Bh4 $1 $18) 65. Kxc6 Nxh2 66. Bxh3 Kxf4
67. Bb6 Ng4 68. Bxa5 f5 69. Bc7+ (69. Bf1 $1 $16 {Weiß müßte unbedingt den
weißfeldrigen Läufer befreien.}) 69... Kf3 70. Kd5 $2 (70. Bf1 $1 $16) 70...
Ne3+ $1 $10 {Der weißfeldrige Läufer ist auf h3 eingesperrt und die Partie
bewegt sich trotz des weißen Materialvorteils in Richtung Remis.} 71. Kd4 Nc2+
72. Kd3 Ne3 73. Kd2 Nc4+ 74. Ke1 Ne3 75. Bb8 Nc2+ 76. Kd2 Ne3 77. Kd3 Kf2 78.
Bf4 Ng4 79. Bc7 Ne3 80. Kd4 Kf3 81. Bb8 Kf2 82. Bf4 Ng4 83. Kc3 Kf3 84. Bc7 Ne3
85. Bb8 Kf2 86. Kd2 Nf1+ 87. Kd3 Ne3 88. Bf4 Ng4 89. Kd2 Kf3 90. Bb8 Ne3 91.
Ke1 Ng2+ 92. Kf1 Ne3+ 93. Kg1 Ke2 94. Kh2 Kf3 95. Ba7 Ng4+ 96. Kg1 Ne3 97. Bb8
Ke2 98. Kh1 Kf3 99. Bh2 Ke2 100. Bg1 Kf3 101. Bh2 Ke2 102. Bf4 Kf3 103. Bxe3
1/2-1/2

[Event "Olympiad-42"]
[Site "Baku"]
[Date "2016.09.09"]
[Round "7.2"]
[White "Edouard, Romain"]
[Black "Shengelia, Davit"]
[Result "1/2-1/2"]
[WhiteElo "2635"]
[BlackElo "2573"]
[Annotator "Edouard,R"]
[PlyCount "127"]
[EventDate "2016.09.02"]
[EventType "team-swiss"]
[EventRounds "11"]
[EventCountry "AZE"]
[SourceTitle "CBM 175"]
[Source "ChessBase"]
[SourceDate "2016.11.10"]
[SourceVersion "1"]
[SourceVersionDate "2016.11.10"]
[SourceQuality "1"]
[WhiteTeam "France"]
[BlackTeam "Austria"]
[WhiteTeamCountry "FRA"]
[BlackTeamCountry "AUT"]
[WhiteClock "0:15:25"]
[BlackClock "0:02:24"]

1. c4 Nf6 2. Nc3 b6 3. d4 Bb7 4. Qc2 e6 5. e4 {Just a very dubious position
for Black already!} Bb4 6. Bd3 c5 7. d5 b5 8. Bg5 $5 {The most aggressive move.
} (8. cxb5 $5 exd5 9. exd5 Bxd5 10. Nge2 $14) 8... bxc4 9. Bxc4 h6 10. Bh4 exd5
11. exd5 Qe7+ $6 (11... g5 $6 12. Bg3 Nxd5 (12... Bxd5 13. Bxd5 Nxd5 14. Kf1
$40) 13. Kf1 $40) (11... O-O $142 12. Nge2 $14) 12. Kf1 $2 {Avoiding a (bad)
queen exchange for Black!} (12. Nge2 Qe4 13. Qxe4+ Nxe4 14. O-O-O (14. a3 $5)
14... Nd6 15. Bd3 c4 16. Bc2 $16) 12... O-O 13. Nge2 Ba6 {It is actually very
unclear what my king is doing on f1.} (13... d6 14. Ng3 Qe5 $1 {was also fine.}
) 14. Bxa6 Nxa6 15. Qf5 Rfe8 16. Bxf6 Qxf6 17. Qxf6 gxf6 18. h4 Bxc3 19. Nxc3
Rab8 20. Rb1 Nb4 (20... Rb4 {followed by ...Rd4 was also good.}) 21. Rh3 Re5
22. Rd1 Nc2 23. Rhd3 f5 (23... Rxb2 $6 24. R3d2 Re8 25. Kg1 Reb8 26. Na4 Rxa2
27. Nxc5 $14) 24. d6 Nd4 25. Na4 (25. b3 $142) 25... Ne6 26. g3 (26. Rd5 Re4
27. Nxc5 Nxc5 28. Rxc5 Rxb2 29. g3 f4 $11) 26... Rb4 27. b3 c4 28. Rc3 cxb3 29.
axb3 f4 30. Nb2 {Going for some tricks in my opponent's time trouble.} fxg3 (
30... Reb5 $15) 31. Rxg3+ Kh7 (31... Kf8 $11) 32. Nc4 Reb5 33. Rdd3 a5 34. Rgf3
f5 $2 (34... Kg6 $15) 35. Rfe3 a4 36. Rxe6 dxe6 37. d7 Rb8 38. d8=Q Rxd8 39.
Rxd8 axb3 40. Nb2 Rxh4 (40... Kg6 $1 {was perhaps smart.}) 41. Rb8 Rh3 42. Na4
(42. Ke2 Rc3 43. Nd3 $16) 42... e5 43. Kg2 Rh4 44. Nc5 Rg4+ 45. Kf1 Rc4 46.
Rb7+ Kg6 47. Nd3 Rc3 (47... Re4 $2 48. Rxb3 $18) 48. Nxe5+ Kf6 49. f4 Ke6 (
49... h5 $1 50. Rb6+ Kg7 {was a draw.}) 50. Ke2 h5 51. Kd2 $4 (51. Nd3 $1 Kd5
52. Kd2 Rc2+ 53. Ke3 Kc4 (53... Rc3 54. Rb5+ Kc6 55. Rb8 $1 Kd5 56. Rd8+ Ke6
57. Kd4 Rc2 58. Rb8 $18) 54. Rf7 {and now White wins thanks to the following
trick:} b2 55. Rb7 Kc3 56. Nc5 $1 $18) 51... Rg3 52. Nd3 Kd5 $1 {Oops.} 53.
Rxb3 Ke4 54. Rb4+ Kf3 55. Ne1+ (55. Ne5+ Kf2 $11) 55... Kg4 56. Ke2 h4 57. Nd3
Rg2+ 58. Ke3 Rg3+ 59. Ke2 Rg2+ 60. Kf1 Rd2 61. Nf2+ Kg3 62. Rb3+ Kxf4 63. Kg2
Ra2 64. Rb4+ 1/2-1/2

[Event "Las Vegas"]
[Site "Las Vegas"]
[Date "1998.??.??"]
[Round "6"]
[White "Atalik, Suat"]
[Black "Epishin, Vladimir"]
[Result "0-1"]
[WhiteElo "2595"]
[BlackElo "2590"]
[Annotator "Epishin,V"]
[PlyCount "58"]
[EventDate "1998.03.??"]
[EventType "swiss"]
[EventRounds "1"]
[EventCountry "USA"]
[SourceTitle "CBM 064"]
[Source "ChessBase"]
[SourceDate "1998.06.02"]
[SourceVersion "1"]
[SourceVersionDate "1998.06.02"]
[SourceQuality "1"]

1. d4 Nf6 2. c4 e6 3. Nc3 Bb4 4. Qc2 O-O 5. a3 Bxc3+ 6. Qxc3 b6 7. Bg5 c5 (7...
Bb7) 8. dxc5 bxc5 9. e3 h6 (9... a5 10. Nf3 d6 11. Rd1 Ra6 12. Bd3 Nbd7 13. O-O
a4 14. Qc2 Qc7 $13 {Maric,A-Demina,J/Kuala Lumpur iztW 1990/TD 92\07/1/2-1/2 
(57)}) 10. Bxf6 Qxf6 11. Qxf6 gxf6 12. Ne2 (12. O-O-O Rd8 13. Ne2 Kf8 14. Z0
Ke7 15. Z0 d6 $15 {White has no good pawn structure at the queenside.}) 12...
Rd8 13. Nc3 Bb7 $8 (13... Kf8 $2 14. Ne4 $18) (13... f5 $6 14. g4 Bb7 15. Rg1
fxg4 16. Rxg4+ Kf8 17. Rh4 $16 (17. O-O-O $2 Bf3 $19)) 14. Be2 Kf8 15. Nb5 Nc6
$1 16. Nd6 Rab8 17. Ne4 $2 (17. Nxb7 $142 Rxb7 18. O-O-O Rdb8 19. Rd2 Na5 20.
Kb1 $15 {/=}) 17... Nd4 18. exd4 Bxe4 19. O-O-O (19. f3 Bg6 $1 (19... Bc2) 20.
O-O-O Rb3 {-game}) 19... Rb3 $1 $19 20. Rde1 (20. Z0 Rdb8 $140 21. Rd2 Rxa3 $19
) 20... Bxg2 21. Rhg1 Bc6 22. Bd1 Rh3 23. dxc5 a5 $1 {in order to blockade the
queenside} (23... Rxh2 $6 24. b4 Rxf2 25. b5 $132) 24. Rg4 (24. b4 axb4 25.
axb4 Rc3+ 26. Kb1 Rxc4 27. Z0 Rb8 $19) 24... a4 25. Reg1 Ke7 26. Rg7 Ra8 $1 27.
Bc2 (27. Z0 Ra5 $140 28. Z0 Rxc5 {[%cal Ye7d6]}) 27... Rxh2 28. f4 Rf8 (28...
Z0 29. Bg6 $140) 29. Bh7 f5 {[%csl Rh7]} 0-1

[Event "Excelsior Cup"]
[Site "Gothenburg"]
[Date "1998.01.07"]
[Round "1"]
[White "Ziegler, Ari"]
[Black "Hansen, Sune Berg"]
[Result "0-1"]
[WhiteElo "2440"]
[BlackElo "2490"]
[Annotator "Finkel,A"]
[PlyCount "66"]
[EventDate "1998.01.07"]
[EventType "tourn"]
[EventRounds "9"]
[EventCountry "SWE"]
[EventCategory "9"]
[SourceTitle "CBM 063"]
[Source "ChessBase"]
[SourceDate "1998.03.26"]
[SourceVersion "1"]
[SourceVersionDate "1998.03.26"]
[SourceQuality "1"]

1. d4 {Psakhis} Nf6 2. c4 e6 3. Nc3 Bb4 4. Qc2 O-O 5. a3 Bxc3+ 6. Qxc3 b6 7.
Bg5 Ba6 $5 8. e3 (8. Nf3 c5 (8... d6 9. e4 $5 Nxe4 10. Bxd8 Nxc3 11. Bxc7 Ne4
12. Nd2 Nxd2 13. Kxd2 Nc6 14. Kc3 d5 15. c5 $6 Bxf1 16. Rhxf1 $11 {Pelletier,
Y-Tukmakov,V/Neuchatel 1995 (17)}) 9. dxc5 bxc5 10. e3 Nc6 $6 11. Bd3 Qa5 12.
Bxf6 gxf6 13. b4 $1 cxb4 14. Qxf6 bxa3+ $2 15. Ke2 Qc5 16. Rhc1 Qe7 17. Qxe7
Nxe7 18. Rxa3 $16 {Hansen,L-Farago/Tastrup/SW,13,13 1990 (30)}) 8... d6 (8...
d5 9. Nf3 Nbd7 10. cxd5 Bxf1 11. Rxf1 exd5 12. Ne5 $1 $14 {Bareev-Farago,I/
Roma/1990/ ->CBM 18}) 9. Bd3 (9. Nf3 Nbd7 10. Nd2 (10. b4 c5 11. dxc5 bxc5 12.
Bd3 Qc7 13. O-O Bb7 14. Nd2 d5 15. Bf4 $14 {Alterman,B-Har Zvi,R/Tel-Aviv Cup
1996 (25)}) 10... h6 11. Bh4 c5 12. dxc5 dxc5 $6 (12... bxc5) 13. f3 Bb7 14. g4
Qc7 15. Bg3 e5 16. Rg1 Bc6 17. O-O-O Rfe8 18. h4 $16 {Hillarp Persson,
T-Rozentalis,E/Open, Koge DEN 1997 (32)}) 9... Nbd7 10. Nf3 (10. Ne2 $5 {
Psakhis} c5 11. b4 h6 12. Bh4 cxd4 13. exd4 Rc8 14. Qb3 e5 15. Rc1 e4 16. Bb1
d5 17. b5 Bb7 $13 {1/2-1/2 Tabernig,B-Wirthensohn,H/Mitropa Cup 1997 (48)})
10... c5 11. O-O Rc8 (11... h6 12. Bh4 cxd4 (12... Rc8 $5 {/\ 13...cd4 14.ed4
b5} 13. d5 $5 exd5 14. cxd5 Bxd3 15. Qxd3 $14 (15. Qxd3 Qe7 (15... Qc7 16. e4
Rfe8 17. Nd2 c4 $6 18. Qd4 c3 19. Rac1 $1 $16 {Pelletier,Y-Nisipeanu,L/1st
Bavarian Open, Bad Wiessee GER 1997 (29)}) 16. Rfe1 Qe4 $1 17. Qxe4 Nxe4 18.
Rad1 g5 19. Bg3 f5 20. Nd2 Nxg3 21. hxg3 Ne5 $13 {Jakobsen,L-Aagaard,J/Karsten
Kold, Gistrup DEN 1997 (41)})) 13. exd4 Rc8 14. b3 $6 (14. Qb4 $1 e5 15. Nd2
exd4 16. Qxd6 Nc5 17. Qxd8 Rcxd8 18. Bf5 $14 (18. Bf5 {Psakhis} Bc8 19. Bxf6
gxf6 20. Bxc8 Rxc8 $11 {0-1 Drasko-Vratonjic/YUG-Cup 1997 (48)})) 14... b5 $1
$10 15. Nd2 Rc6 (15... bxc4 16. bxc4 Bxc4 17. Nxc4 d5 18. Qb3 dxc4 19. Bxc4 Nb6
$10) 16. Qb2 bxc4 17. bxc4 (17. Nxc4 $2 d5 18. Ne5 Nxe5 19. dxe5 Bxd3 20. exf6
g5 21. Rfd1 Bc2 22. Rd2 gxh4 23. Rc1 d4 $1 $17) (17. Bxc4 $5 Bxc4 18. Nxc4 $13)
17... Qc7 18. Rfc1 $13 {Sokolov,I-Korchnoi,V/Antwerpen 1995 (42)}) (11... cxd4
{Psakhis} 12. exd4 Rc8 13. Qb4 d5 14. b3 dxc4 15. bxc4 Bb7 16. Be2 Qc7 17. Rac1
h6 18. Bh4 Nh5 $1 19. Qd2 Qf4 20. Rfd1 g5 21. Bg3 Nxg3 22. hxg3 Qxd2 23. Nxd2
Rc7 $11 {1/2-1/2 Dao Thien Hai-Levitt,J/Calcutta op 1998 (25)}) 12. b3 {Only} (
12. Qb3 $5 h6 13. Bh4 Bb7 14. Nd2 cxd4 15. exd4 e5 16. Bf5 Rc7 17. dxe5 dxe5
18. Rad1 Qa8 $1 $132 {Jelen,I-Mantovani,R/Cannes op18th 1997 (60)}) (12. d5
exd5 13. cxd5 Bxd3 14. Qxd3 Qe7 15. Rad1 (15. Rfd1 c4 16. Qc2 (16. Qd4 h6 17.
Bh4 Rc5 18. Rac1 b5 $132) 16... Rc5 17. Rd4 Rfc8 18. Rad1 $6 (18. e4 $5 c3 19.
b3 h6 20. Bf4 Re8 21. Re1 Ne5 22. Bxe5 dxe5 23. Rc4 Rxc4 24. bxc4 Qxa3 $15)
18... h6 19. Bh4 (19. Bxf6 Nxf6 20. e4 $11 c3 21. b3 $132) 19... b5 20. b4 $2
cxb3 $17 {[%csl Rh4] Schandorff,L-Rozentalis,E/Skolernes Skakklub 1997 (31)})
15... c4 (15... Qe4 $5 16. Qb3 Rfe8 17. Bf4 c4 $5 18. Qa4 Nc5 19. Qxa7 Nd3 20.
Qxb6 Nxd5 21. Qxd6 Rcd8 $44 {Bacrot Etienne-Korchnoi,V/Match (team), Cannes 
(France) 1996/0-1 (50)}) 16. Qd4 Qe4 (16... Rc5 $5 17. Nd2 h6 18. Bxf6 Nxf6 19.
Nxc4 Rfc8 20. b3 b5 21. Nb2 Rxd5 22. Qb4 Rc2 23. Nd3 Qe4 $132) 17. Bf4 Qe7 18.
Rfe1 Rfe8 19. h3 Ne5 20. Bxe5 dxe5 $11 {Pelletier,Y-Palac,M/4th World Team Ch,
Lucerne SUI 1997 (38)}) 12... cxd4 {N/} (12... h6 {Psakhis} 13. Bh4 Qe7 14. Qb2
Bb7 15. Nd2 g5 16. Bg3 Nh5 17. f3 Nxg3 18. hxg3 f5 $11 {0-1 Arlandi,
E-Mantovani,R/ITA-ch Milano 1996 (47)}) 13. exd4 b5 $1 $11 14. Qb4 bxc4 15.
Bxc4 (15. bxc4 {Psakhis} d5) 15... Bxc4 $5 {Another promising possibility was}
(15... Rc6 $5 16. Rfd1 Bxc4 17. bxc4 Qc7 18. Nd2 Rb8 19. Qc3 h6 20. Bh4 Rc8 $36
{and black got better chanses;Ziegler Ari-Hellsten Johan/It (open), Copenhagen
(Denmark) 1995 (43)}) 16. bxc4 Rc6 17. Rac1 (17. Nd2 $1 $11 {Psakhis}) 17...
Qc7 18. Nd2 $6 {Now the pin over the c-file becomes extremly unpleasent.} (18.
Rc2 {Psakhis} Nd5 (18... Rb8 19. Qc3 Rc8 20. Nd2) 19. Qb3 Rc8 20. Rfc1 N5b6 21.
Nd2 e5 $5) 18... Nd5 $1 $15 19. Qb3 h6 $5 {White pieces are starting to feel
uncomfortable on the board!} 20. Be3 (20. Bh4 {Psakhis} N5b6 21. Bg3 e5 $1 $15
22. d5 $140 $2 Nxd5) 20... Rb8 21. Qd3 Rc8 22. Rc2 (22. Rb1 N5b6 23. d5 exd5
24. cxd5 Rc3 25. Qf5 Rxa3 $17) 22... N5f6 (22... N5b6 {Psakhis} 23. Rfc1 $11)
23. f4 $6 {Unnessasery weakening third rank.} (23. Rb1 d5 24. c5 e5 (24... Ng4
$6 25. f4 (25. Nf3 $6 e5 26. Qf5 Nxe3 27. fxe3 Rf6 28. Qh5 $13) 25... Ndf6 26.
Rcb2 Qa5 27. g3 Nxe3 28. Qxe3 $14) 25. dxe5 Nxe5 26. Qd4 $1 (26. Qf5 Neg4 27.
Bf4 Qd7 28. Qxd7 Nxd7 29. Rb7 Nxc5 30. Rxa7 Nd3 $1 $17 {[%csl Rg1]}) 26... Qe7
27. Bf4 Ned7 $11) (23. h3 $5 {Psakhis}) 23... Qa5 24. Rb2 Qa6 $1 $17 {[%cal
Gd6d5,Ga6d3]} 25. Qb1 $6 (25. f5 $5) (25. Rb3 $5 {Psakhis} Nb6 26. f5 (26. d5
exd5 27. Bxb6 Rxb6 28. cxd5 Qxd3 29. Rxd3 Rc2 {[%csl Rd5,Rg2][%cal Gb6b2]}) (
26. c5 Qxd3 27. Rxd3 Nbd5 28. Nb3 Ne4 $17) 26... e5 (26... Nxc4 27. fxe6 fxe6
28. Bxh6) 27. d5 R6c7 28. Bxb6 axb6 $15) 25... Qxa3 26. Rf3 (26. Rb3 {Psakhis}
Qa4 $17) 26... Ra6 (26... Rb6 $5 {Psakhis}) 27. h3 (27. f5 {Psakhis} Qa1 28.
fxe6 fxe6 29. Rf1 Qxb1 30. Rfxb1 Rb6 $17) 27... Qa1 $1 {Exchanging queen and
reducing by this white's chanses to create counterplay.} 28. Rf1 Qxb1 29. Rbxb1
(29. Rfxb1 {Psakhis} Nb6 30. Rb4 Ra2 {[%csl Rc4][%cal Ga2c2]}) 29... Nb6 30.
Rb4 (30. Rfc1 {Psakhis} Ra4) (30. Ra1 {Psakhis} Rxa1 31. Rxa1 Nxc4 32. Nxc4
Rxc4 33. Rxa7 Nd5 $19) 30... Ra3 31. Bf2 Ra2 $19 32. c5 (32. Be3 {Psakhis} Rc2)
32... Rxd2 33. cxb6 axb6 (33... axb6 34. Rxb6 Ne4 (34... Rcc2 $19 {Psakhis})
35. Be3 Re2 36. Rb3 Rcc2 $19) 0-1

[Event "Corus"]
[Site "Wijk aan Zee"]
[Date "2006.01.25"]
[Round "10"]
[White "Van Wely, Loek"]
[Black "Leko, Peter"]
[Result "1-0"]
[WhiteElo "2647"]
[BlackElo "2740"]
[Annotator "Finkel,A"]
[PlyCount "93"]
[EventDate "2006.01.14"]
[EventType "tourn"]
[EventRounds "13"]
[EventCountry "NED"]
[EventCategory "19"]
[SourceTitle "CBM 111"]
[Source "ChessBase"]
[SourceDate "2006.04.04"]
[SourceVersion "1"]
[SourceVersionDate "2006.04.04"]
[SourceQuality "1"]

1. d4 Nf6 2. c4 e6 3. Nc3 Bb4 4. Qc2 O-O 5. a3 Bxc3+ 6. Qxc3 b6 7. Nf3 Bb7 8.
e3 d5 {This move is quite popular lately as in the main lines Black seems to
experience certain problems.} 9. b4 c5 {On one hand Black's play seems rather
illogical as he's trying to open up the position while White enjoys the
bishop's pair advantage, but on the other hand White's king is in the center,
so Black intends to exploit this fact.} (9... Nbd7 10. cxd5 Nxd5 11. Qb2 $5 Qc8
12. Bd2 c5 13. Rc1 Ba6 14. dxc5 Bxf1 15. Rxf1 bxc5 16. bxc5 $14 {Agdestein,
S-Carlsen,M/Oslo 2005}) 10. dxc5 bxc5 11. Bb2 Nbd7 12. Be2 (12. cxd5 Bxd5 13.
Be2 Qb6 14. O-O cxb4 15. Qxb4 Rfb8 16. Qxb6 axb6 17. Ne5 Rc8 18. Rac1 Nxe5 19.
Bxe5 Nd7 20. Bd6 f6 $11 {Harikrishna,P-Vescovi,G/Bermuda 2005}) 12... dxc4 {
Leko is the first one to deviate from the game Van Wely-Ponomariov which has
been played about a month ago in the World Cup. I don't think this move is
better (or worse) than 12...Nb6, but Black should be fine in any case.} (12...
Nb6 13. cxd5 cxb4 14. axb4 Nbxd5 15. Qa3 a6 16. O-O Qe7 17. Rfb1 Rfc8 $11 {
Van Wely,L-Ponomariov,R/Khanty Mansiysk 2005}) 13. Qxc4 Ne4 ({In the following
blitz game Black demonstrated not a bad way to meet White's set up, but I
guess there is a lot of room for improvement.} 13... Bd5 $5 14. Qc3 Qb6 15. O-O
cxb4 16. axb4 Rfb8 17. Ra4 Nc5 18. bxc5 Qxb2 19. Qxb2 Rxb2 20. Bd3 Nd7 21. Rc1
Rc8 22. Rxa7 Rb7 23. Rxb7 {1/2-1/2 Dobrov,V-Belov,V/playchess.com 2005}) 14.
O-O Nb6 15. Qb5 $1 {I don't think White is better after this move, but it's
most definitely his only chance to fight for advantage.} (15. Qc2 cxb4 (15...
Rc8 16. b5 c4 17. Rfd1 Bd5 18. a4 $14) 16. axb4 Qd6 17. b5 Rfc8 18. Qb3 Bd5 $11
{[%cal Gb6c4,Ge4c3]}) 15... a6 16. Qa5 Nd5 17. Rfc1 $5 {[%csl Gc3] Again
finding a way to keep the pressure. After} (17. Qxd8 Rfxd8 18. bxc5 Ndc3 19.
Bc4 Rac8 $11 {[%csl Gc3] the position is completely equal since Black's
knights are very strong.}) 17... Rc8 $6 ({More in the spirit of the position
was} 17... Qxa5 18. bxa5 Rfd8 $132 {with mutual chances.}) 18. Qxd8 Rfxd8 19.
bxc5 Nxc5 20. Rc4 $14 {White keeps a small, but a steady positional advantage.
After the inevitable trade of the rooks white bishops will become an x-factor
in the play on two wings.} Nd7 $6 {The knight is bit passive on d7 for that
reason I prefer} (20... f6 $5 21. Rac1 Na4 22. Rxc8 Rxc8 23. Rxc8+ Bxc8 24. Bc1
e5 {and a draw is the much more likely result than White's win.}) 21. Rb1 Rxc4
22. Bxc4 Rc8 23. Nd2 N5b6 24. Bd3 e5 25. h4 (25. Bxe5 {deserved attention:}
Nxe5 26. Rxb6 Nxd3 27. Rxb7 f5 28. Rb3 Rc1+ 29. Nf1 Nc5 30. Rb8+ Kf7 31. Rc8
Ke6 $14 {but Van Wely prefers to keep the pressure.}) 25... f6 26. h5 Rc7 27.
Ne4 Bd5 28. Rc1 Rxc1+ 29. Bxc1 Nc4 (29... Bc4 30. Bc2 Bd5 31. g4 $14) 30. g4 g6
31. hxg6 hxg6 32. Nd2 $1 {Reminding Black that the pawn on a6 is a serious
weakness.} Nxd2 33. Bxd2 Bf3 34. g5 $5 (34. Bxa6 Bxg4 35. Bc8 Kf7 36. a4 Ke7
37. a5 Kd8) 34... fxg5 $2 {A losing mistake. After the correct} (34... Bb7 35.
e4 Kg7 36. f3 Nc5 37. Bc4 Bc8 38. gxf6+ Kxf6 39. Kf2 Ne6 $14 {White would have
to work very hard to prove that his advantage is sufficient for a win.}) 35.
Bxa6 $18 {Now it's all over. White enjoys an extra pawn on the queenside.} Bc6
36. Ba5 $1 Kf7 37. Bd8 g4 38. Be2 Bf3 39. Bc4+ Ke8 40. Bc7 $1 Bd1 41. Bb5 e4
42. a4 Bc2 43. a5 Bd3 44. Bc6 Ke7 45. Kh2 g5 46. Kg3 Nf6 47. Bb7 1-0